| 000 | 00612nam a22002057a 4500 | ||
|---|---|---|---|
| 008 | 140520b xxu||||| |||| 00| 0 alb d | ||
| 020 | _a9789951494229 | ||
| 041 | 0 | _aalb | |
| 080 | _a654.17 | ||
| 100 | _aSinani, Resul | ||
| 245 | 1 | 0 |
_aModeratori dhe moderimi ne televizion / _cResul Sinani |
| 260 |
_aPrishtinë : _bUniversiteti AAB-Riinvest, _c2011. |
||
| 300 |
_a180 f.: _bme il.; _c20 cm. |
||
| 500 | _aParathënie: f. V-VI | ||
| 500 | _aBibliografia e autorit: f. 171-175 | ||
| 505 | _aReferencat: 177-178 | ||
| 650 | 0 |
_aTelevizioni _xTransmetimet |
|
| 650 | 0 |
_aMasmedia _xKomunikimi |
|
| 942 |
_2udc _cBK |
||
| 999 |
_c454 _d454 |
||